[Event "18th Caspian Cup-A 2020"]
[Site "Rasht"]
[Date "2020.02.19"]
[Round "8.1"]
[White "Omidi, Arya"]
[Black "Iskandarov, Misratdin"]
[Result "0-1"]
[WhiteElo "2317"]
[BlackElo "2520"]
[Annotator "TA"]
[PlyCount "190"]
[EventDate "2020.02.14"]
[EventType "swiss"]
[EventCountry "IRI"]
[SourceTitle "playchess.com"]
[Source "ChessBase"]
[SourceQuality "1"]

{[%evp 17,190,7,15,8,33,18,20,20,23,21,14,6,23,23,23,10,10,7,12,-28,0,0,0,0,0,0,0,0,0,3,8,15,18,18,34,28,38,33,38,31,35,0,30,0,0,0,0,0,17,21,29,30,43,43,43,20,43,0,0,0,0,0,0,0,0,0,10,0,0,0,0,0,0,0,0,0,0,0,0,0,0,0,0,0,0,0,0,0,0,0,0,0,0,0,0,0,0,0,0,0,0,0,0,0,0,0,0,0,0,0,0,0,0,0,0,0,0,0,0,0,8,8,8,0,0,0,0,0,0,-54,0,-30,-17,-126,-125,-270,-270,-550,-536,-541,-515,-530,-529,-509,-509,-502,-502,-502,-494,-499,-498,-483,-481,-483,-483,-491,-328,-321,-299,-295,-288,-262,-262,-262,-262,-262,-262,-262,-255,-453,-435,-372,-405,-403,-381]} 1. Nf3 Nf6 2. g3 d5 3. Bg2 g6 4. O-O Bg7 5. c4 O-O 6. cxd5 Nxd5 7. Nc3 Nc6 8. Nxd5 Qxd5 9. d3 Qh5 10. Qa4 {A16: English Opening: 1...Nf6 with ...d5.} Bh3 {[#]} 11. Bxh3 $146 ({Predecessor:} 11. Be3 Bxg2 12. Kxg2 Qd5 13. Rac1 Rfc8 14. Rc5 Qd7 15. Rfc1 a6 16. b4 e6 17. a3 Bf8 {1-0 (33) Milosevic,J (1990)-Vassilev,M (1867) Paracin 2014}) 11... Qxh3 12. Be3 {The position is equal.} Rfd8 13. Rac1 Qd7 14. Kg2 Ne5 (14... a5 {keeps more tension.} 15. Rc4 Nb4 16. Qxd7 Rxd7 17. Bd2 c6) 15. Qxd7 Rxd7 16. Nxe5 Bxe5 17. Rc5 f6 18. Bf4 Bd4 19. Rc4 c6 20. Rb1 Kf7 21. b4 a6 22. a4 g5 23. Be3 Bxe3 24. fxe3 $11 {[%mdl 4096] Endgame KRR-KRR} Rd5 25. e4 Rd6 26. Kf3 Ke6 27. Ke3 Kd7 28. Rc5 Rg8 29. Rc4 Rg6 30. Kf3 g4+ 31. Kf2 Rg5 32. Rc5 h6 33. Ke3 Kc7 34. Rf1 Rd8 35. a5 Kd6 36. Rff5 Rb8 37. Kf4 {[%cal Rf5g5]} e5+ 38. Ke3 Rxf5 39. exf5 {KR-KR} h5 40. Kd2 Rg8 41. Rc2 Kc7 42. e4 Rd8 43. Rc4 Rh8 44. d4 h4 45. dxe5 hxg3 46. hxg3 fxe5 47. Rc1 Rh2+ 48. Kd3 Kd6 49. Rc2 Rh3 50. Rg2 Rh1 51. Rd2 Ke7 52. Rg2 Kf6 53. Kc4 Rc1+ (53... Re1 $5 54. Kd3 $8 Rd1+ 55. Kc3 Rh1 $11) 54. Kd3 Rd1+ 55. Kc3 Re1 (55... Rd4 $5 56. Re2 $8 Rd1 $11) 56. Kd3 Kg7 57. Rd2 Rg1 58. Kc4 Rc1+ 59. Kd3 Re1 60. Re2 Rg1 61. Re3 Kf6 62. Kc4 Rc1+ 63. Kd3 Ke7 64. Re2 Rg1 65. Re3 Kd6 66. Kc2 Rg2+ 67. Kc3 Kc7 68. Kc4 b5+ 69. axb6+ Kxb6 70. Rc3 Rd2 71. Rd3 (71. Rc1 {is more complex.} Rd4+ 72. Kc3 Kc7 73. f6 Kd7 74. Ra1) 71... Re2 72. Kc3 Kc7 73. Rd1 (73. Kb3 $11) 73... Re3+ ({Black should play} 73... Rxe4 $15 74. f6 Re3+ {[%mdl 64] Double Attack} 75. Kc4 Rf3) 74. Kc2 Rxe4 75. f6 (75. Rf1 $11 Kd7 76. f6) 75... Re2+ $1 $17 ({Resist} 75... Rxb4 76. Rf1 $15) 76. Kd3 (76. Kc1 $17 Rf2 77. Re1) 76... Rf2 $19 77. Ke4 $2 (77. Re1 {only move.}) 77... Rxf6 78. Rd3 Rd6 {Strongly threatening ...Rxd3.} 79. Ra3 Kb6 80. Kxe5 Rd1 81. Rc3 {intending Rc4.} Rd5+ $1 82. Ke4 Kb5 83. Ra3 Rd1 84. Ra5+ Kb6 $1 85. Rc5 {[#]} Rf1 $1 {[%cal Rf1f3]} 86. Rc3 Rf2 87. Ra3 Rb2 88. Ra4 Rc2 89. Ke3 Rc3+ 90. Kf4 {[#]} Rc4+ $1 91. Ke3 Kb7 92. Kd3 Rc1 93. Ke3 $2 (93. Ra5 Rg1 94. Rg5 Rxg3+ 95. Ke2) 93... Rc3+ 94. Kf4 Rc4+ 95. Ke3 c5 {Accuracy: White = 80%, Black = 93%.} 0-1

[Event "18th Caspian Cup-A 2020"]
[Site "Rasht"]
[Date "2020.02.19"]
[Round "8.2"]
[White "Harutjunyan, Gevorg"]
[Black "Babujian, Levon"]
[Result "1-0"]
[WhiteElo "2444"]
[BlackElo "2487"]
[Annotator "TA"]
[PlyCount "95"]
[EventDate "2020.02.14"]
[EventType "swiss"]
[EventCountry "IRI"]
[SourceTitle "playchess.com"]
[Source "ChessBase"]
[SourceQuality "1"]

{[%evp 9,97,-9,6,-7,-7,-2,0,-6,3,-18,-21,-29,-26,-18,-14,-15,-20,-14,-18,-16,-10,-20,-27,-10,-15,-38,-43,-41,-40,-46,-14,-16,0,-48,-48,-48,-48,-51,-48,-59,-48,-66,-66,-64,-62,-62,-58,-67,-62,-70,-81,-87,-14,-14,-14,-14,-19,-16,-14,-14,-20,-27,0,0,0,0,0,0,0,0,15,16,16,16,87,79,89,90,1425,703,4574,4574,4574,4570,2757,2757,4574,987,4574,4570]} 1. e4 e5 2. Bc4 Nf6 3. d3 Nc6 4. Nc3 Na5 5. Nge2 Be7 6. a3 {C28: Vienna Game: 2...Nf6 3 Bc4 Nc6.} Nxc4 7. dxc4 d6 8. Qd3 {The position is equal.} O-O 9. h3 c6 10. Be3 Be6 11. O-O {[#]} d5 $146 ({Predecessor:} 11... a6 12. Rad1 b5 13. cxb5 axb5 14. Bg5 Bc4 15. Qd2 Qb6 16. Bxf6 Bxf6 17. b3 Bxe2 18. Qxe2 {0-1 (38) Provoost,S (2247)-Turov,M (2646) Vlissingen 2012}) 12. cxd5 cxd5 13. exd5 Nxd5 14. Nxd5 Qxd5 15. Qxd5 Bxd5 16. Nc3 Be6 17. Rad1 Rfc8 18. Nd5 Bf8 19. c3 h6 20. f4 exf4 21. Bxf4 Rd8 22. c4 Rac8 23. a4 a6 24. b3 Rd7 25. Be3 Bxd5 26. Rxd5 Rxd5 27. cxd5 $15 {[%mdl 4096] Endgame KRB-KRB} Rc3 28. Kf2 Rxb3 29. Rc1 Rd3 30. Rb1 b6 ({Black should play} 30... Rxd5 $17 31. Rxb7 Bc5 32. Rb8+ Kh7 33. Bxc5 Rxc5) 31. Ke2 $11 Rxd5 {Strongly threatening ...b5.} 32. Rxb6 Re5 {[#] Hoping for ...Rxe3+!} 33. Rb8 f6 34. Kd3 Kf7 35. Bb6 Rg5 36. g4 h5 37. Ra8 hxg4 38. hxg4 Rxg4 39. Rxa6 g5 40. Bd4 Rf4 41. a5 {[%cal Ba4a5,Ba5a6,Ba6a7][%mdl 32] [#] Black must now prevent Rc6.} g4 (41... Bb4 $11 {keeps the balance.}) 42. Rc6 $16 {[%mdl 1024] a6 is the strong threat. White has strong compensation.} g3 43. a6 {aiming for a7.} Ba3 $2 {[%mdl 8192]} (43... g2 $16 44. Rc1 Bh6) 44. Rc2 $18 {White is clearly winning.} Rh4 45. a7 Rh8 46. Ra2 g2 47. Ke2 Re8+ 48. Kf2 {Played: Ke2-f3} 1-0

[Event "18th Caspian Cup-A 2020"]
[Site "Rasht"]
[Date "2020.02.19"]
[Round "8.3"]
[White "Rastbod, Ali"]
[Black "Pourramezanali, Amirreza"]
[Result "0-1"]
[WhiteElo "2353"]
[BlackElo "2497"]
[Annotator "TA"]
[PlyCount "38"]
[EventDate "2020.02.14"]
[EventType "swiss"]
[EventCountry "IRI"]
[SourceTitle "playchess.com"]
[Source "ChessBase"]
[SourceQuality "1"]

{[%evp 9,96,25,24,0,25,24,21,29,104,112,113,56,48,30,28,-58,-33,-42,-28,-50,-53,-108,-125,-124,-121,-122,-118,-126,-131,-123,-110,-81,-120,-106,19,0,0,-102,-90,-93,-97,-93,-72,-69,-68,-91,-60,-52,-44,-73,-37,-51,-35,-39,-55,-46,-50,-258,-246,-216,-220,-199,-101,-184,-152,-214,-212,-500,-443,-466,-462,-524,-520,-693,-693,-706,-690,-579,-504,-1491,-1366,-1583,-1213,-5591,-3931,-29973,-29974,-29973,-29975]} 1. Nf3 d5 2. g3 Nc6 3. d4 Bf5 4. Bg2 Qd7 5. O-O O-O-O 6. Re1 {D02: 1 d4 d5 2 Nf3 sidelines, including 2...Nf6 3 g3 and 2...Nf6 3 Bf4.} e6 7. c3 Bd6 {[#]} 8. b4 $146 {The position is equal.} ({Predecessor:} 8. Nbd2 h6 9. e4 dxe4 10. Nxe4 Bxe4 11. Rxe4 f5 12. Re2 Nf6 13. Qb3 Rde8 14. Be3 a6 15. Rd1 g5 16. Ne5 Bxe5 17. dxe5 Na5 18. Rxd7 Nxb3 19. Rf7 Nd5 20. axb3 {1-0 (20) Nieto,M (1975)-Morales Guerrero,A (1701) Santander 2013}) 8... f6 (8... Nf6 $11) 9. Nbd2 $16 e5 {With the idea ...e4.} 10. dxe5 (10. b5 $16 Nce7 11. e4 dxe4 12. Nxe4) 10... Nxe5 $14 11. Nd4 Bh3 $1 12. e4 ({Better is} 12. Bxd5 $11 h5 13. Bh1) 12... Bxg2 $15 13. Kxg2 dxe4 14. Nxe4 Bxb4 $1 15. Qb3 {[#]} (15. f4 $15 Be7 16. Nf2 (16. fxe5 fxe5 17. Rb1 exd4 $17)) 15... Bxc3 $1 $17 {[%mdl 512]} 16. Rb1 {[%csl Gb1][%cal Rb3b7]} (16. Qxc3 Qxd4) 16... b6 (16... Qxd4 17. Qxb7+ (17. Nxc3 Qb6 $17) 17... Kd7 18. Nxc3 $16) 17. Nxc3 Qxd4 18. Re4 Qd7 {...Qc6 is the strong threat.} 19. Bf4 Ne7 {Played: Qd7-c6} 0-1

[Event "18th Caspian Cup-A 2020"]
[Site "Rasht"]
[Date "2020.02.19"]
[Round "8.4"]
[White "Chighladze, Iveri"]
[Black "Rasulov, Vugar"]
[Result "0-1"]
[WhiteElo "2346"]
[BlackElo "2476"]
[Annotator "TA"]
[PlyCount "48"]
[EventDate "2020.02.14"]
[EventType "swiss"]
[EventCountry "IRI"]
[SourceTitle "playchess.com"]
[Source "ChessBase"]
[SourceQuality "1"]

{[%evp 16,48,18,22,29,0,0,0,24,-86,-81,-159,-166,-158,-131,-614,-622,-693,-714,-699,-583,-579,-574,-576,-571,-678,-678,-670,-689,-687,-685,-1004,-1010,-1008,-1004]} 1. Nf3 b6 2. e4 Bb7 3. Nc3 e6 4. d4 Bb4 5. Bd3 Nf6 6. Qe2 d5 7. exd5 Nxd5 8. Bd2 Nxc3 9. bxc3 Be7 {B00: Queen's Fianchetto Defence, Nimzowitsch Defence.} 10. Ne5 O-O 11. Qh5 {[%csl Gd3][%cal Rh5h7] [#]} f5 {The position is equal.} 12. Rg1 (12. O-O $11) 12... Nd7 $17 13. g4 ({White should try} 13. Nxd7 Qxd7 14. g4) 13... Nxe5 14. dxe5 {[%cal Rg4f5] [#]} Qd5 $146 ({Predecessor:} 14... Bf3 15. Qh3 Qd5 16. gxf5 Qxe5+ 17. Kf1 Be4 18. Re1 Qxf5 19. Qxf5 Bxf5 20. Bxf5 Rxf5 21. Rxe6 {0-1 (55) Strekha,I (2111)-Fomin,A (2032) Belgorod 2008}) 15. Bh6 $2 {[%mdl 8192]} (15. gxf5 $17 Qxe5+ 16. Kf1) 15... Qxe5+ $19 {Black is clearly winning.} 16. Kd2 gxh6 17. Qxh6 Bd6 18. gxf5+ Kh8 19. Rg4 exf5 20. Rag1 {Threatening mate with Qxh7+!} Rf7 21. f4 Qe7 22. R4g3 {intending Bc4.} Qf6 23. Rg6 {[#]} Bxf4+ $1 24. Qxf4 hxg6 {Accuracy: White = 33%, Black = 100%.} 0-1

[Event "18th Caspian Cup-A 2020"]
[Site "Rasht"]
[Date "2020.02.19"]
[Round "8.5"]
[White "Daneshvar, Bardiya"]
[Black "Quparadze, Giga"]
[Result "1/2-1/2"]
[WhiteElo "2327"]
[BlackElo "2462"]
[Annotator "TA"]
[PlyCount "45"]
[EventDate "2020.02.14"]
[EventType "swiss"]
[EventCountry "IRI"]
[SourceTitle "playchess.com"]
[Source "ChessBase"]
[SourceQuality "1"]

{[%evp 13,45,0,0,8,0,0,0,0,0,0,0,0,0,0,0,0,0,0,0,0,30,21,41,16,66,0,112,107,122,97,100,0,76,0]} 1. d4 Nf6 2. c4 e6 3. Nc3 Bb4 4. Qc2 O-O 5. e4 d5 6. e5 Ne4 7. Bd3 c5 8. Nf3 $1 {NOTEXT-110246. E32: Nimzo-Indian: Classical (4 Qc2): 4...0-0.} cxd4 9. Nxd4 Nd7 {[%cal Bb8d7,Bd7c5,Bc5a4][%mdl 32]} 10. Bf4 {The position is equal.} Ndc5 11. O-O {[%cal Rd3e4]} Bxc3 12. bxc3 Bd7 13. Be2 {[#] aiming for f3.} Na4 14. cxd5 exd5 15. f3 Nexc3 16. Bd3 $36 {[%mdl 2048] White is pushing.} Kh8 17. Qd2 Rc8 18. Kh1 {[%mdl 1024] [#] White has compensation.} b5 $146 ({Predecessor:} 18... Qb6 19. Be3 Qc7 20. Bf4 Qb6 21. Qf2 Nc5 22. Bc2 f5 23. Qd2 Ne6 24. Be3 Nxd4 25. Bxd4 {½-½ (44) Tancik,K (2238)-Yao,L (2330) Novi Sad 2019}) 19. Bc2 (19. Rfe1 $14) 19... b4 (19... Rc4 $11 {keeps the balance.}) 20. Bg5 $16 Qb6 21. Qd3 {[%csl Gc2][%cal Rd3h7] [#]} Qg6 22. Qd2 Qb6 $1 23. Qd3 {Accuracy: White = 86%, Black = 88%.} (23. Qf2 $16) 1/2-1/2

[Event "18th Caspian Cup-A 2020"]
[Site "Rasht"]
[Date "2020.02.19"]
[Round "8.6"]
[White "Tahbaz, Arash"]
[Black "Khademi, Mohammad Miran"]
[Result "1-0"]
[WhiteElo "2461"]
[BlackElo "2301"]
[Annotator "TA"]
[PlyCount "65"]
[EventDate "2020.02.14"]
[EventType "swiss"]
[EventCountry "IRI"]
[SourceTitle "playchess.com"]
[Source "ChessBase"]
[SourceQuality "1"]

{[%evp 19,65,37,77,56,58,55,41,56,33,37,31,41,44,21,19,12,16,16,21,22,37,20,41,34,62,63,59,59,130,60,229,235,476,444,640,627,709,658,820,870,1622,1601,29984,29985,29985,29986,29986,29987]} 1. e4 e5 2. Nf3 Nf6 3. Nxe5 d6 4. Nf3 Nxe4 5. d4 d5 6. Bd3 Be7 7. O-O Bf5 8. Re1 O-O 9. c4 c6 10. Nc3 {was the old line (10.Qc2).} Bb4 11. Qc2 {[%cal Rc3e4] C42: Petroff Defence: 3 Nxe5 and unusual White 3rd moves.} Nd7 {[#]} 12. Nxe4 $146 {Nc3 is the strong threat.} ({Predecessor:} 12. a3 Bxc3 13. bxc3 Bg6 14. Bf4 Nef6 15. Ne5 Bxd3 16. Qxd3 Re8 17. Rab1 dxc4 18. Qxc4 {½-½ (49) Sanchez Carol,J (2209)-Francisco Sandoval,M (2151) ICCF email 2018}) 12... Bxe1 13. Neg5 {[%cal Be4g5,Bg5h3,Bh3f4,Bf4d3,Bd3c5][%mdl 32] [#]White is slightly better.} Bxf2+ $1 {[%mdl 512]} 14. Kxf2 (14. Qxf2 Bxd3) 14... Bxd3 15. Qxd3 {[%csl Gg5][%cal Rd3h7]} Nf6 16. Kg1 dxc4 17. Qxc4 h6 18. Nh3 $1 Re8 19. Nf4 Qb6 20. b3 Re4 21. Nd3 Nd5 22. Bd2 Rae8 23. a4 {[%cal Ba2a4,Ba4a5,Ba5a6][%mdl 32]} g5 (23... a5 $14) 24. h3 (24. Nc5 $16) 24... f5 $2 (24... Qc7 $14) 25. Nc5 $18 g4 $2 (25... R4e7 26. h4 Qc7) 26. Nxe4 Rxe4 (26... fxe4 $142 27. Ne5 (27. hxg4 exf3 28. Qd3 Re6 $16) 27... e3 28. Nxg4 Kg7) 27. a5 Qd8 28. Ne5 gxh3 29. a6 b5 30. Qxc6 {White wants to mate with Qg6+.} Nf4 31. Bxf4 {White mates.} Qxd4+ {[#]} 32. Kh2 $1 Rxe5 33. Qg6+ {Accuracy: White = 91%, Black = 35%.} 1-0

[Event "18th Caspian Cup-A 2020"]
[Site "Rasht"]
[Date "2020.02.19"]
[Round "8.7"]
[White "Mirzoev, Azer"]
[Black "Ghukasyan, Siranush"]
[Result "1-0"]
[WhiteElo "2439"]
[BlackElo "2195"]
[Annotator "TA"]
[PlyCount "97"]
[EventDate "2020.02.14"]
[EventType "swiss"]
[EventCountry "IRI"]
[SourceTitle "playchess.com"]
[Source "ChessBase"]
[SourceQuality "1"]

{[%evp 16,97,33,0,9,-10,10,20,30,29,17,27,35,43,50,33,82,87,92,74,85,88,115,114,154,148,144,114,114,110,110,128,127,127,137,141,148,133,131,114,102,95,116,116,108,108,128,70,93,83,160,156,134,129,338,338,326,324,970,983,973,978,960,352,949,942,871,860,1497,1550,1062,773,2069,2131,5077,2693,4704,3439,6187,6187,29973,29977,29983,29984]} 1. d4 d5 2. c4 c6 3. Nf3 Nf6 4. Qc2 dxc4 5. Qxc4 Bf5 6. g3 e6 7. Bg2 Nbd7 8. O-O Be7 9. Nbd2 {9.e3 gains popularity.} O-O {D23: Queen's Gambit Accepted: 3 Nf3 Nf6 sidelines.} 10. Re1 Ne4 11. Qb3 Qb6 {The position is equal.} 12. Nc4 Qxb3 13. axb3 Bb4 14. Rd1 {[#]} Rfd8 $146 ({Predecessor:} 14... h6 15. Be3 Nb6 16. Nfd2 Nf6 17. f3 Rfd8 18. Rdc1 Bh7 19. Bf2 Nxc4 20. Nxc4 Nd7 {½-½ (46) Piasetski,L (2279)-Berube,A (2174) Montreal 2013}) 15. Bf4 Nef6 16. Bc7 $36 {[%mdl 2048] Black is under strong pressure.} Rdc8 17. Bd6 Bxd6 18. Nxd6 Rcb8 19. Ne5 Nxe5 20. dxe5 Ne8 21. Nxe8 Rxe8 22. Rd7 Reb8 23. b4 a6 24. f4 Bc2 25. Kf2 Kf8 26. g4 Bb3 27. Rc7 Bd5 28. e4 Bc4 29. Rd1 {Hoping for Rdd7.} Rd8 30. Rd6 Rab8 {[#]} 31. Ke3 (31. Rxb7 $1 $16 {[%mdl 512]} Rxb7 32. Rxd8+ Ke7 33. Rd4) 31... Bb5 32. f5 Rxd6 (32... Rdc8 $142 33. Rxc8+ Rxc8) 33. exd6 $16 {[%mdl 4096] Endgame KRB-KRB} e5 {[#]} 34. g5 $1 Rd8 $2 (34... Bc4 $16 {is a better defense.}) 35. f6 $18 {Strongly threatening d7.} ({Stronger than} 35. Rxb7 Rxd6 36. Bf3 f6 $11) 35... gxf6 36. gxf6 {White threatens d7 and mate.} Ke8 $2 (36... Bc4 37. Rxb7 Be6) 37. Re7+ {[%mdl 64] Double Attack} Kf8 38. Rxb7 Ke8 39. Re7+ {[%mdl 64] Double Attack} Kf8 40. d7 c5 41. bxc5 Rxd7 42. Rxd7 Bxd7 {KB-KB} 43. Bf1 a5 44. Bc4 Ke8 45. Bd5 Bb5 46. Kd2 Kf8 47. Kc3 Ke8 48. b4 axb4+ 49. Kxb4 {Accuracy: White = 94%, Black = 51%.} 1-0

[Event "18th Caspian Cup-A 2020"]
[Site "Rasht"]
[Date "2020.02.19"]
[Round "8.8"]
[White "Mosadeghpour, Masoud"]
[Black "Ramezani, Mahan"]
[Result "1-0"]
[WhiteElo "2499"]
[BlackElo "2122"]
[Annotator "TA"]
[PlyCount "161"]
[EventDate "2020.02.14"]
[EventType "swiss"]
[EventCountry "IRI"]
[SourceTitle "playchess.com"]
[Source "ChessBase"]
[SourceQuality "1"]

{[%evp 14,161,4,8,9,9,0,-1,6,1,2,-6,0,-13,-8,-3,-4,-14,9,-25,-22,-38,-22,-33,-29,-34,0,0,15,0,27,0,0,0,7,16,14,0,0,0,10,13,22,0,10,0,0,0,26,-24,-11,-16,-11,-20,-13,-18,0,-20,0,0,0,-24,-16,-91,0,0,0,0,7,12,31,0,0,0,0,0,0,0,0,0,0,0,0,0,0,0,63,0,8,0,0,0,8,8,82,0,0,0,128,0,0,0,276,0,0,0,0,0,0,0,0,0,0,0,0,0,283,266,249,239,214,218,165,131,176,8,473,449,432,418,386,354,645,611,1377,1376,1697,1619,1245,937,1049,2259,2237,1998,2448,4690,5306,4213,29986,29987]} 1. e4 c5 2. Nf3 d6 3. Bb5+ Nd7 4. d4 cxd4 5. Qxd4 a6 6. Bxd7+ Bxd7 7. O-O e5 8. Qd3 Rc8 {next ...Bb5 is good for Black. B51: Sicilian: Moscow Variation (3 Bb5+) without 3...Bd7.} 9. c4 b5 10. b3 Qc7 {[%cal Rb5c4] The position is equal.} 11. Na3 {[%cal Rc4b5]} Qb7 12. Nc2 Nf6 13. Nd2 Bc6 {[%cal Rf6e4]} 14. f3 Be7 {[#]} 15. Ne3 $146 ({Predecessor:} 15. Nb1 bxc4 16. bxc4 O-O 17. Nc3 Nd7 18. Be3 a5 19. Rab1 Qa6 20. Nb5 Rfd8 21. Rfd1 {0-1 (42) Iljiushenok,I (2521)-Cheparinov,I (2687) Moscow 2019}) 15... g6 16. Bb2 O-O 17. Bc3 Rfd8 18. Ba5 Re8 19. Rac1 Bf8 20. Rfd1 Qe7 21. Kh1 h5 22. Nc2 Qa7 23. Qe3 Qa8 24. Nb4 Bb7 25. Qd3 (25. h3 {is more complex.} Nd7 26. Kh2 Rc5 27. Qd3 Rec8 28. Kh1) 25... Bc6 26. Nxc6 Qxc6 27. Nb1 Qb7 28. Be1 bxc4 29. Rxc4 Rxc4 30. Qxc4 Rc8 31. Qd3 d5 $1 32. exd5 Qxd5 33. Qe2 Qe6 34. Nc3 Bb4 35. Qb2 Qc6 {[%cal Rb4c3]} 36. Rc1 Qe6 37. a3 Bf8 38. Bh4 (38. b4 $11) 38... Nd5 (38... e4 $17 39. fxe4 Bg7) 39. Ne4 $1 $11 Rxc1+ 40. Qxc1 Be7 41. Bxe7 Nxe7 42. Qd1 (42. b4 {seems wilder.} Qa2 43. h4 Qe6 44. Kg1 Nd5 45. Qc4) 42... Nf5 43. Nc5 Qc6 44. b4 Nd4 45. Qe1 Qd5 46. Ne4 {aiming for Nf6+.} Kg7 47. h3 Nf5 48. Kh2 Nd4 49. Qc3 Nb5 (49... Qa2 $11) 50. Qe3 (50. Qc8 $1 $14 Nxa3 51. Qxa6) 50... Nd6 51. Nc5 a5 52. Qc3 axb4 53. Qxb4 f5 (53... Qc4 $11) 54. Qb6 (54. a4 $16) 54... e4 55. f4 h4 (55... Qd2 $11 {keeps the balance.}) 56. Nd7 (56. Qc7+ $16 Nf7 57. Qe7) 56... Qd3 57. Qb2+ Kh7 $2 {[%mdl 8192]} (57... Kg8 $11) 58. Nf6+ $2 ({Only move:} 58. Qf2 $1 $18 {[%cal Rf2h4]} Nf7 59. Qxh4+ Kg8 60. Qe7) 58... Kh6 59. Qf2 g5 60. fxg5+ Kxg5 61. Nh7+ Kh5 62. Nf6+ Kg5 63. Nh7+ Kh5 64. Qf4 {[%csl Gh7][%cal Rf4g5]} Qg3+ $2 {[%mdl 8192]} (64... Kg6 $1 $11 65. Qxh4 Nc4) 65. Qxg3 $18 hxg3+ 66. Kxg3 {[%mdl 4096] Endgame KN-KN} Kg6 67. Nf8+ Kf7 68. Nd7 Ke6 69. Nb8 $2 ({Better is} 69. Nc5+ $18 Kd5 70. Na6) 69... Ke5 $2 {[%mdl 8192]} (69... Nc4 $1 $11 {and Black stays safe.}) 70. Nc6+ $1 Kd5 71. Ne7+ Kd4 72. h4 e3 $2 (72... Ke5 73. Nc6+ Kd5) 73. Kf3 Kd3 {[#]} 74. Nd5 $1 {[%cal Rd5e3]} f4 75. Nxf4+ Kd2 76. Ne2 Nc4 {[#]} 77. Ng1 $1 Ne5+ 78. Ke4 Ng4 79. a4 Ke1 80. Kf3 Kf1 81. Kxg4 {Accuracy: White = 80%, Black = 70%.} 1-0

[Event "18th Caspian Cup-A 2020"]
[Site "Rasht"]
[Date "2020.02.19"]
[Round "9.2"]
[White "Tahbaz, Arash"]
[Black "Harutjunyan, Gevorg"]
[Result "1-0"]
[WhiteElo "2461"]
[BlackElo "2444"]
[Annotator "ChessBase"]
[PlyCount "115"]
[EventDate "2020.02.14"]
[EventType "swiss"]
[EventCountry "IRI"]
[SourceTitle "playchess.com"]
[Source "ChessBase"]
[SourceQuality "1"]
[TimeControl "5400+30"]

1. d4 {[%emt 0:00:38]} Nf6 {[%emt 0:00:04]} 2. Nf3 {[%emt 0:00:27]} g6 {[%emt 0:01:10]} 3. Bg5 {[%emt 0:01:08]} Bg7 {[%emt 0:00:14]} 4. Nbd2 {[%emt 0:00:03]} O-O {[%emt 0:00:35]} 5. c3 {[%emt 0:00:08]} d6 {[%emt 0:00:32]} 6. e4 {[%emt 0:00:06]} c5 {[%emt 0:00:58]} 7. dxc5 {[%emt 0:00:05]} dxc5 {[%emt 0:00:05]} 8. Bc4 {[%emt 0:00:06]} Nc6 {[%emt 0:00:25]} 9. Qe2 {[%emt 0:00:09]} Qc7 {[%emt 0:01:33]} 10. O-O {[%emt 0:00:05]} b6 {[%emt 0:00:30]} 11. Rfe1 {[%emt 0:07:20]} h6 {[%emt 0:01:27]} 12. Bh4 {[%emt 0:04:57]} Nh5 {[%emt 0:01:23]} 13. e5 {[%emt 0:01:28]} Na5 {[%emt 0:05:13]} 14. Bb5 {[%emt 0:05:50]} a6 {[%emt 0:02:49]} 15. Ba4 {[%emt 0:00:20]} Bf5 {[%emt 0:00:05]} 16. Ne4 {[%emt 0:06:02]} Nf4 {[%emt 0:03:40]} 17. Qe3 {[%emt 0:01:39]} g5 {[%emt 0:02:59]} 18. Bg3 {[%emt 0:02:52]} Nc4 {[%emt 0:00:44]} 19. Qc1 {[%emt 0:02:04]} Nd3 {[%emt 0:01:03]} 20. Qc2 {[%emt 0:00:30]} Nxe1 {[%emt 0:03:07]} 21. Rxe1 {[%emt 0:00:04]} e6 {[%emt 0:00:54]} 22. Qe2 {[%emt 0:00:11]} b5 {[%emt 0:01:45]} 23. Bb3 {[%emt 0:00:29]} Qc6 {[%emt 0:04:13]} 24. Nf6+ {[%emt 0:10:17]} Bxf6 {[%emt 0:01:58]} 25. exf6 {[%emt 0:01:01]} g4 {[%emt 0:00:51]} 26. Nh4 {[%emt 0:10:32]} Rad8 {[%emt 0:04:05]} 27. Bf4 {[%emt 0:13:55]} h5 {[%emt 0:07:37]} 28. Bxc4 {[%emt 0:21:32]} bxc4 {[%emt 0:00:15]} 29. Bh6 {[%emt 0:00:11]} Rfe8 {[%emt 0:14:14]} 30. h3 {[%emt 0:05:25]} Qd5 {[%emt 0:03:00]} 31. Qe3 {[%emt 0:00:01]} Bg6 {[%emt 0:04:53]} 32. Qf4 {[%emt 0:02:17]} e5 {[%emt 0:03:14]} 33. Qg5 {[%emt 0:00:00]} e4 {[%emt 0:00:30]} 34. Nxg6 {[%emt 0:03:24]} Qxg5 {[%emt 0:00:27]} 35. Bxg5 {[%emt 0:00:02]} fxg6 {[%emt 0:00:19]} 36. f7+ {[%emt 0:00:02]} Kxf7 {[%emt 0:00:05]} 37. Bxd8 {[%emt 0:00:04]} Rxd8 {[%emt 0:00:03]} 38. hxg4 {[%emt 0:00:02]} hxg4 {[%emt 0:03:13]} 39. Rxe4 {[%emt 0:00:20]} Rd1+ {[%emt 0:01:08]} 40. Kh2 {[%emt 0:00:01]} Rd2 {[%emt 0:00:06]} 41. Kg3 {[%emt 0:02:03]} Rxb2 {[%emt 0:00:20]} 42. a4 {[%emt 0:00:20]} Ra2 {[%emt 0:02:42]} 43. Rxc4 {[%emt 0:00:11]} Kf6 {[%emt 0:00:58]} 44. Rf4+ {[%emt 0:00:12]} Ke5 {[%emt 0:01:57]} 45. Rxg4 {[%emt 0:00:03]} Kd5 {[%emt 0:00:45]} 46. Rg5+ {[%emt 0:01:06]} Kc4 {[%emt 0:00:22]} 47. Rxg6 {[%emt 0:00:03]} a5 {[%emt 0:00:48]} 48. f4 {[%emt 0:01:00]} Rxa4 {[%emt 0:01:32]} 49. f5 {[%emt 0:01:27]} Kd5 {[%emt 0:01:15]} 50. Re6 {[%emt 0:00:46]} Ra1 {[%emt 0:00:46]} 51. Kf2 {[%emt 0:01:59]} a4 {[%emt 0:04:10]} 52. Re2 {[%emt 0:00:28]} a3 {[%emt 0:00:29]} 53. f6 {[%emt 0:00:03]} a2 {[%emt 0:12:55]} 54. f7 {[%emt 0:00:02]} Rf1+ {[%emt 0:02:53]} 55. Kxf1 {[%emt 0:00:04]} a1=Q+ {[%emt 0:00:04]} 56. Kf2 {[%emt 0:00:05]} Qa8 {[%emt 0:00:57]} 57. Re8 {[%emt 0:00:06]} Qa2+ {[%emt 0:00:09]} 58. Kg3 {[%emt 0:00:05]} 1-0